000 00484cam a2200181ua 4500
001 10323
005 20260515114616.0
008 180329n ii |||gr||||Z||||||eng
040 _cMAIN
082 _a371
100 _aBhatnagar, S.S.,
_eAuthor.
245 _aEducational management
_cBy S.S. Bhatnagar
260 _aMeerut:
_bR. Lall book depot,
_c2013.
300 _a536p.
653 _aSchools & their activities special education
700 _aGupta, P.K.,
_eAuthor.
942 _cBK
999 _c9309
_d9309